¿Cuál es la ciudad en la Región de Murcia? - Estadísticas

Estadísticas generales
  • Esta prueba ha sido intentada 55 veces
  • La puntuación promedio es 12 de 20
Estadísticas de respuestas
PISTA INICIAL RESPUESTA % Correcto
Es el segundo municipio más grande de España en cuanto a superficie. L Lorca
100%
Se proclamó independiente de España durante la Primera República. C Cartagena
76%
Aquí se producen uno de los mejores vinos de España. J Jumilla
76%
Aquí se encuentra una de las bases aéreas más importantes del ejército español. S San Javier
69%
En una de sus pedanías se habla (residualmente) valenciano. Y Yecla
69%
Durante sus fiestas municipales, la atracción principal es la quema de la Bruja. A Alcantarilla
67%
Se conoce por el balneario que yace sobre termas romanas de hace más de 2.000 años. A Archena
64%
Es una de las 5 ciudades santas del mundo con Año Jubilar Permanente. C Caravaca de la Cruz
64%
En sus costas, recientemente, se ha descubierto un barco fenicio. M Mazarrón
64%
Es el municipio murciano con más campos de golf federados. T Torre Pacheco
64%
Las floraciones de sus frutales se han convertido en un evento turístico internacional reciente. C Cieza
62%
Es el único municipio que hace frontera con Andalucía y Castilla - La Mancha. M Moratalla
62%
Es conocido por la Tamborada de Semana Santa que es Patrimonio Inmaterial de la Humanidad. M Mula
55%
Es el municipio menos poblado de la Región (532 habitantes en 2024). O Ojós
52%
El limón es el emblema del municipio. S Santomera
52%
Fue el último municipio en crearse, segregándose de Torre Pacheco y San Javier (1983). L Los Alcázares
50%
Da nombre al valle en el que se sitúa, conocido por su paisaje con vestigios árabes. R Ricote
50%
Es el municipio más pequeño de la Región y el único que no tiene montañas: todo su territorio es llano. B Beniel
48%
Allí se encuentra uno de los yacimientos prehistórico - romanico más grandes del sureste, Begastri, antigua ciudad visigoda. C Cehegín
48%
Tuvo una importante actividad minera desde tiempos del Imperio Romano. L La Unión
43%
No se encontraron pruebas coincidentes
Distribución de puntuación
Porcentaje de gente con cada puntuación
Porcentaje por número respondido
Historial de tus puntuaciones
No has intentado esta prueba.